[Event "Gibraltar Masters 13th"]
[Site "Caleta"]
[Date "2015.02.04"]
[Round "9"]
[White "Vitiugov, Nikita"]
[Black "Mareco, Sandro"]
[Result "1-0"]
[WhiteElo "2735"]
[BlackElo "2583"]
[Annotator "Vitiugov,N"]
[PlyCount "121"]
[EventDate "2015.01.27"]
[EventType "swiss"]
[EventRounds "10"]
[EventCountry "GGB"]
[SourceTitle "CBM 165"]
[Source "ChessBase"]
[SourceDate "2015.03.11"]
[SourceVersion "1"]
[SourceVersionDate "2015.03.11"]
[SourceQuality "1"]

{This game was played in the ninth round. I had +4, and was intending to
improve my result} 1. d4 Nf6 2. c4 e6 3. Nc3 Bb4 4. Nf3 c5 {Black has a lot of
options here, but this is the most principled.} 5. g3 Nc6 ({Top players think
that} 5... cxd4 6. Nxd4 O-O 7. Bg2 d5 {is the most solid line.}) 6. Bg2 Ne4 7.
Bd2 Nxd2 8. Qxd2 cxd4 9. Nxd4 Ne5 {An inaccuracy. Black must not have known
White's reply.} (9... Qb6 {is the most modern reaction.}) (9... O-O $5) 10. Nf3
$1 {That's the point.} Qc7 {A new, reasonable move} (10... Nxc4 11. Qd4 d5 12.
Qxg7 Rf8 13. O-O $14) (10... Nxf3+ 11. Bxf3 O-O 12. Rc1 a6 13. O-O Qc7 14. Rfd1
Rd8 15. Qg5 h6 16. Qh4 Bf8 17. c5 $36 {1-0 Inarkiev,E (2625)-Khismatullin,D 
(2568)/Tomsk 2006/CBM 114 ext (45)}) 11. Nxe5 Qxe5 12. Rc1 Rb8 13. O-O {
I felt it was an important moment, but perhaps wasn't able to find the most
exact move order.} (13. a3 Be7 14. O-O {was better and after} O-O 15. b4 a6 16.
Rfd1 f5 {the position from the game appeared.}) 13... a6 $6 (13... b5 $5 14.
cxb5 Rxb5 (14... Qxb5 $2 15. Qd4 $1 $18) (14... O-O 15. a3 (15. a4 a6 16. bxa6
Qa5 $44) 15... Bxc3 16. Rxc3 Qxb5 17. Rfc1 $14) 15. a3 (15. Nd5 $5 exd5 16.
Rxc8+ Ke7 17. Qd3 Rxc8 18. Qxb5 Qxb2 19. Bxd5 Rc1 {with a very comfortable
endgame, but it is unlikely it would be enough to win the game}) (15. Nxb5 $6
Bxd2 16. Rxc8+ Ke7 17. Rxh8 Qxb5 $132) 15... Bxc3 16. Rxc3 O-O 17. Rfc1 Bb7 {
and White had some pressure, but nothing special} 18. b4 (18. Qxd7 Bxg2 19.
Kxg2 Rxb2 20. Rc8 Rb8 21. Rxb8 Qxb8) (18. a4 Rb4 19. Qxd7 Bxg2 20. Kxg2 Qxe2)
18... Bxg2 19. Kxg2 $14) 14. a3 Be7 15. Rfd1 f5 {This was a necessity.} (15...
O-O 16. Ne4 $1 {and it would be too easy a game for White.}) 16. b4 O-O 17. c5
$6 {I wasn't sure about this move, and I may have been right, but the
alternative wasn't clear for me.} (17. f4 Qc7 18. e4 g5 $5) 17... b6 18. Na4
bxc5 19. Nxc5 d5 20. e3 {Black has a strong centre, but I knew my next 8-10
moves and was pretty happy with my position.} Qd6 21. Rc2 Rd8 22. h4 Qb6 23.
Rdc1 Qa7 $6 {A bad square for the queen anyway and also it gave me a great
opportunity.} 24. Nb3 Bd7 25. Na5 Rbc8 26. Nc6 ({Of course, White would have
some advantage after} 26. Rxc8 Rxc8 27. Rxc8+ Bxc8 28. Nc6 Qd7 29. Nxe7+ Qxe7
30. Qc3 Bb7 {but it is smaller than it looks.}) 26... Bxc6 27. Rxc6 Rxc6 28.
Rxc6 Kf7 (28... Rd6 $2 29. Rxd6 Bxd6 30. Bxd5 Kf7 31. Bc4 $18) 29. Qe2 $1 {
An important move.} Rd6 30. Qh5+ Kf8 31. Rc8+ {I went for a forced line with a
bishop sacrifice.} (31. Rxd6 {was more playable, but in my opinion not so
strong} Bxd6 32. Qxh7 Be5 $16) 31... Rd8 32. Qxh7 (32. Rxd8+ $6 Bxd8 33. Qxh7
Qf7 $14) 32... Rxc8 33. Qh8+ Kf7 34. Qxc8 a5 35. Bxd5 {The only move.} exd5 36.
Qxf5+ Ke8 37. Qc8+ Kf7 38. Qf5+ Ke8 39. Qxd5 axb4 $2 (39... a4 $1 {Objectively
speaking, it was the last chance for Black. White would never be able to
exchange queens because of this key a-pawn. I am not sure about the evaluation,
but White's task would become more difficult.}) 40. axb4 Qb6 41. b5 Bc5 42.
Qg8+ Bf8 43. Qc4 Bc5 44. Kg2 Qb7+ $2 {This didn't change too much, but I don't
understand why he should help his opponent.} (44... Ke7 $5) (44... g6 $5) 45.
e4 Qb6 46. f3 Ke7 47. e5 Bd4 48. f4 Qb7+ 49. Qc6 $1 $18 {The final touch. The
queens will be exchanged and four pawns are enough to beat the bishop.} Qa7 50.
Qd6+ Ke8 51. Qa6 Qd7 52. Qc6 Qxc6+ 53. bxc6 Kd8 54. h5 Kc7 55. g4 Bc5 56. g5
Kxc6 57. h6 gxh6 58. g6 Bf8 59. f5 Kd5 60. f6 Ke6 61. Kh3 ({I was very
disappointed that} 61. Kh1 {didn't win} h5 62. Kg2 Bh6 63. Kh1 Bf8 {and the
king had to go to h5.}) 1-0

[Event "Bundesliga 9900"]
[Site "Germany"]
[Date "2000.03.12"]
[Round "12.1"]
[White "Khenkin, Igor"]
[Black "Rozentalis, Eduardas"]
[Result "1-0"]
[WhiteElo "2622"]
[BlackElo "2553"]
[Annotator "Wells,P"]
[PlyCount "75"]
[EventDate "1999.10.09"]
[EventType "team-tourn"]
[EventRounds "15"]
[EventCountry "GER"]
[SourceTitle "CBM 076"]
[Source "ChessBase"]
[SourceDate "2000.05.31"]
[SourceVersion "1"]
[SourceVersionDate "2000.05.31"]
[SourceQuality "1"]
[WhiteTeam "Tegernsee"]
[BlackTeam "Castrop Rauxel"]
[WhiteTeamCountry "GER"]
[BlackTeamCountry "GER"]

1. d4 Nf6 2. c4 e6 3. Nc3 Bb4 4. f3 d5 5. a3 Bxc3+ 6. bxc3 c6 $5 {[%csl Rc3]
[%cal Yc4d5,Gc6d5,Gc8c3,Ge6e5,Gb7b6,Gc8a6] Of course the moves ...c6 ...e6 ...
d5 combined with the exchange of the black squared bishop make a strange
impression. The only comparable case I can think of is the Marshall Gambit
where at least after 1 d4 d5 2 c4 e6 3 Nc3 c6 4 e4 dxe4 5 Nxe4 Bb4+ white has
to give up a pawn after 6 Bd2 Qxd4 7 Bxb4 Qxe4+ or after 6 Nc3 c5 7 a3 Bxc3+
black can at least argue that white has lost some time with his knight. So
what is the argument here? Black has several ideas: 1) He might want to play ..
.b6 and ...Ba6 to challenge white's bishop pair by seeking to exchange
light-squared bishops. Here ...c6 provides a service in that any cxd5 he can
force can be recaptured with the c-pawn, which might leave white's remaining
c-pawn rather unhappy. In fact this can be regarded as a general argument for .
..c6 - black prepares to recapture on d5 towards the centre! 2) He prefers to
challenge in the centre with ...e5 than with the more traditional ...c5.  3)
On occasions, despite the absence of a bishop to cover the black squares, he
can consider ...dxc4 and clinging onto the pawn 'a la Semi-Slav Botvinnik
variation'. Of course the fact that white has a pawn and not a knight on c3
impacts upon the strength of this plan. Whatever the ultimate merits of this
fascinating move, its list of adherents continues to impress - Nenashev,
Dautov, Shariyazdanov and Rozentalis himself, to name but a few.} 7. Qc2 $5 {
This appears at first to be a rather unassuming reaction, but white wishes to
play e4 at a moment where the pawn is protected by more than just a tactical
trick, and thereby, as we shall see, extend his range of options for dealing
with black's central counterthrust ...e5. The initial evidence is rather
encouraging.} ({To get a better idea of what this all means we should take a
look at the most direct move} 7. e4 dxe4 8. fxe4 e5 $1 (8... Nxe4 $2 9. Qg4 $16
) 9. Nf3 Qa5 (9... Nxe4 $5) 10. Qd3 exd4 (10... Nxe4 $5 {is also given by
Dautov. His variation and conclusion both look sound, although of course such
an approach is not without risks.} 11. Qxe4 Qxc3+ 12. Kf2 Qxa1 13. Qxe5+ Be6
14. Qxg7 Rf8 15. Be2 Nd7 16. Rd1 {It is difficult for white to do more than
win back his material since there is no d5 break in the position.} O-O-O 17.
Bg5 Qb2 $1 {[%csl Yd4][%cal Yb2g7]} 18. Bxd8 Rxd8 $11) 11. Bd2 dxc3 12. Bxc3
Qd8 13. Qxd8+ Kxd8 14. O-O-O+ {and already agreed drawn in Volkov,S
-Rashkovsky,N/Biel MTO 1999. So later he was willing to have another go, but
it does not so convincing for white, although as Dautov related in CBM 74, the
tempo of white's moves here betrayed a man well-prepared.} Ke7 {Drawing the
bishop to b4 in order to gain a tempo later with ...Na6. However the bishop
will be well placed on d6 and therefore} (14... Ke8 $5 {might be considered.})
15. Bb4+ Ke8 16. Bd3 Na6 17. Bd6 Nd7 $1 {[%csl Gc5]} 18. Rhe1 Ndc5 19. Bc2 $1
Be6 20. Nd4 Bxc4 21. Nf5 Ne6 {1/2-1/2 Volkov,S-Dautov,R/Batumi GEO 1999 (69)
and white had dangerous compensation for two pawns, although black's resources
are sufficient with careful defence - see CBM 74 for notes by Dautov.}) ({
It is also possible, and has been the most common reply to settle for the
genuinely modest} 7. e3 {Here of those described above plan 1). is more likely
to come into operation.} O-O (7... b6 8. cxd5 cxd5 9. Bb5+ Bd7 $5 (9... Nbd7
10. a4 a6 11. Bd3 O-O 12. Ne2 e5 13. O-O Re8 14. Ng3 Qc7 15. Qb3 Bb7 16. Bd2
Rac8 17. Rae1 e4 $13 {0-1 Lerner,K-Rozentalis,E/Groningen 1997/CBM 63 (50)})
10. Bd3 Nc6 11. Ne2 e5 {Plan 2) plays a role too!} 12. Ng3 O-O 13. O-O Re8 14.
e4 $6 (14. Bd2 $13) 14... exd4 15. cxd4 dxe4 16. Bxe4 $6 Nxe4 17. fxe4 Bg4 18.
Qxg4 Qxd4+ 19. Kh1 Qxa1 20. Bh6 f5 $1 21. Qxf5 Qf6 $17 {0-1 Bozinovic,
B-Shariyazdanov,A/Zadar 1999/CBM 73 ext (52)}) 8. Bd3 (8. Nh3 b6 9. cxd5 cxd5
10. a4 Qc7 11. Bd2 Ba6 12. Bxa6 Nxa6 13. Qe2 Nb8 14. O-O Nbd7 15. e4 e5 $5 {
A recurring theme, which leads to great tension in the centre.} 16. Nf2 Rfe8
17. Rfe1 Rac8 18. a5 bxa5 19. Qb5 dxe4 20. fxe4 exd4 21. cxd4 Qc4 22. Qxc4 {
1/2-1/2 Bareev,E-Rozentalis,E/Leningrad 1990/URS-ch (22)}) (8. cxd5 cxd5 9. c4
b6 10. cxd5 exd5 11. Bd3 Ba6 12. Ne2 Bxd3 13. Qxd3 Nc6 14. Ng3 Qd7 15. Bd2 $13
{1/2-1/2 Borg,G-Sturua,Z/Zonal 1998 (15)}) 8... b6 9. cxd5 (9. e4 $5 dxe4 10.
fxe4 Nxe4 11. Nf3 f5 12. O-O $13) (9. Ne2 Ba6 10. cxd5 Bxd3 11. Qxd3 cxd5 12.
O-O Qc8 13. e4 Qa6 14. Qe3 Nc6 15. e5 Nd7 $13 {[%csl Rb3,Rc4][%cal Yf3f5,Ye2g3,
Gc6a5,Ga8c8,Ye2f4,Yf4h5] This might be regarded as a 'typical' position that
this variation could be expected to produce. White has reasonable chances on
the king-side, while black can produce counterplay/distraction on the
queenside light-squares and the c-file. It is interesting that in most of the
other examples cited here, both sides employ quite radical ideas to avoid this
interesting structure.} 16. Nf4 Rae8 17. a4 f6 $5 18. exf6 Nxf6 19. Ba3 Rf7 20.
Rfe1 e5 {1/2-1/2 Bagirov,R-Palac,M/Biel 1998/EXT 99 (20)}) 9... cxd5 {[%cal
Yc8a6]} 10. Ne2 (10. e4 $6 dxe4 11. fxe4 Nxe4 12. Nf3 Bb7 13. Qc2 f5 (13... Nf6
14. O-O $44 {[%cal Yc1g5]}) 14. O-O Nd7 15. c4 Rc8 16. Qe2 e5 $1 $17 {0-1
Liardet,F-Nenashev,A/Geneva 1999 (23)}) 10... Ba6 11. Bc2 {[%cal Ga6e2,Gc2h7]
Risky!} (11. e4 $5) 11... Qc7 12. O-O Rc8 13. Rf2 Bxe2 14. Qxe2 Qxc3 15. Bb2
Qc7 16. e4 Nc6 17. e5 Nd7 18. f4 $44 f5 19. exf6 Nxf6 20. Qxe6+ Qf7 21. Bf5 Rc7
22. Qxf7+ Kxf7 23. Rc1 g6 24. Bh3 Rd8 25. Rfc2 Rd6 26. a4 Ng8 $14 {1/2-1/2
Malaniuk,V-Ivanov,A/Katowice 1991/EXT 97 (52)}) 7... O-O {and with this highly
natural response we are already in new territory. Chess? Inexhaustible?} (7...
dxc4 {Looks a bit greedy, although consistent as an attempt to exploit white's
last.} 8. e4 b5 9. a4 Nbd7 10. Ba3 Qc7 11. Ne2 a6 12. e5 $40 Nd5 13. Bd6 {
[%csl Yd6] Again a comparison with the Marshall Gambit comes to mind. I am in
no doubt that white has enough for the pawn, although black's position might
not be as bad as it looks ( which is just as well ).} Qd8 14. Ng3 (14. Qd2 $5)
14... Qg5 15. Qd2 Qxd2+ 16. Kxd2 f5 17. exf6 gxf6 18. Be2 Bb7 19. Ne4 Rg8 20.
Bg3 Ke7 21. Rhb1 {[%csl Rb7]} c5 22. Bxc4 cxd4 23. cxd4 N7b6 24. Bd3 Bc6 25.
Rc1 Bd7 26. Nc5 Nxa4 27. Nxa4 bxa4 28. Bxh7 Rgc8 29. Rc5 Rxc5 30. dxc5 e5 31.
Be4 Bc6 32. Bxd5 Bxd5 33. Rxa4 Bc6 34. Ra5 $14 {1/2-1/2 Moskalenko,V-Vehi Bach,
V/Paretana 1999/CBM 74 ext (53)}) (7... b6 8. cxd5 cxd5 9. e4 Bb7 10. Bb5+ $1
Bc6 11. a4 dxe4 12. fxe4 O-O 13. e5 Nd5 14. Nf3 {[%cal Yf3g5]} h6 15. O-O Qc7
16. Be2 $1 ({Still better than} 16. c4 Bxb5 17. axb5 Rc8 18. Ra4 a5 19. Bd2 {
As black is cramped, the avoidance of exchanges leaves his pieces badly
tangled up.}) 16... Bb7 17. c4 Rc8 18. Qd2 Ne7 19. Ba3 $16 {1-0 Sakaev,
K-Yudasin,L/St.Petersburg 1997/CBM 59 (49) White has more space on all fronts.}
) 8. cxd5 $1 {White is intending to answer his opponent's subsequent ...e5
break with the push of the d-pawn, and does not want a couple of ugly c-pawns
trailing behind.} (8. e4 dxe4 9. fxe4 e5 $13) 8... cxd5 9. e4 dxe4 10. fxe4 e5
11. d5 $1 {The point - by first securing his e-pawn, white has this new and
useful option, and while the resulting pawn structure is not without some
counterchances for black, it looks relatively healthy from white's point of
view.} Qa5 {With the benefit of hindsight, we can say that even though black
is able to fully mobilise his forces to decent looking squares, he has
problems creating really telling counterplay and, in the absence of pawn
breaks never looks like equalising in the face of white's undoubted asset -
the supported passed d-pawn.} ({Although it looks a little radical and single
minded to concentrate on the ...f5 break right away, when this entails
retreating one of the few developed pieces in the position, I am tempted by
the idea of} 11... Ne8 $5 {[%cal Gf7f5] here.} 12. Nf3 (12. Bd3 Nd6) 12... f5
13. Bd3 Nd6 14. O-O (14. Bg5 Qb6) 14... fxe4 15. Bxe4 Qb6+ (15... Bf5 16. Bxf5
Rxf5 17. Be3 Nd7) 16. Kh1 Bf5 (16... Nxe4 $6 17. Qxe4 {[%csl Re5]}) 17. Bxf5
Rxf5 $13 {and although black's position looks a little loose, this does not
seem easy to exploit, while he now has some trumps of his own, including
ironically, tyhe more mobile passed pawn.}) 12. Bd3 Nbd7 13. Nf3 Re8 (13...
Nxe4 $4 {does not work after} 14. Bxe4 f5 15. Bxf5 Rxf5 16. Qxf5 Qxc3+ 17. Ke2
Qxa1 18. Qe6+ Kf8 19. Ng5 $18) ({However, there might still be a case for
prioritising the blockade with} 13... Ne8 14. Bd2 (14. a4 Nd6 15. Ba3 Qc7)
14... Nd6 15. c4 Qc7 {[%cal Gf7f6,Gd7c5]}) 14. O-O Nc5 15. c4 Bg4 16. Be3 Rac8
(16... Bxf3 $5) 17. Nd2 Nfd7 18. Rfb1 Qc7 19. a4 Bh5 20. a5 Bg6 21. Be2 Nf6 22.
Bf3 $14 {[%csl Yd5] As I mentioned before black's problem is a lack of a means
to generate counterplay.} b6 23. Rb5 Nfd7 24. Bg4 Rb8 25. Bxd7 Nxd7 26. Rab1
Rec8 27. Qb3 Ra8 28. Qb4 $16 {[%csl Rb6][%cal Yc4c5,Yd5d6,Rb6a5]} Nf6 29. axb6
axb6 30. Rxb6 Qa7 (30... Nxe4 31. Rxg6 $16 Nxd2 $2 32. Rc6 $18) 31. c5 $18 Ng4
(31... Bxe4 32. Nxe4 Nxd5 33. Qb3 $18) 32. Qb3 Qe7 33. d6 Qd8 34. h3 Nf6 35.
Qd3 Nd7 36. c6 Nxb6 37. Bxb6 Qf8 38. c7 {[%cal Yd6d7,Yb1c1,Yg1h1]} 1-0

[Event "RUS-ch 54th"]
[Site "Elista"]
[Date "2001.04.30"]
[Round "1"]
[White "Potapov, Alexander"]
[Black "Pigusov, Evgeny"]
[Result "0-1"]
[WhiteElo "2490"]
[BlackElo "2584"]
[Annotator "Wells,P"]
[PlyCount "110"]
[EventDate "2001.04.29"]
[EventType "swiss"]
[EventRounds "9"]
[EventCountry "RUS"]
[SourceTitle "CBM 083"]
[Source "ChessBase"]
[SourceDate "2001.07.05"]
[SourceVersion "1"]
[SourceVersionDate "2001.07.05"]
[SourceQuality "1"]

1. d4 Nf6 2. c4 e6 3. Nc3 Bb4 4. g3 c5 5. Nf3 cxd4 6. Nxd4 Ne4 7. Qd3 Bxc3+ 8.
bxc3 Nc5 9. Qe3 b6 10. Bg2 Bb7 11. Bxb7 Nxb7 12. Qe4 {[%csl Rb7,Rc3,Rc4][%cal
Gb8c6,Ga8c8]} Nc6 $1 (12... d5 $6 13. cxd5 Qxd5 14. Qxd5 exd5 15. Nb5 $36) 13.
Nxc6 (13. Ba3 $5) 13... dxc6 14. Qxc6+ $2 {Surely this cannot be right. White
has no right to be overjoyed at the outome of the opening, but can at least
point to the fact that he has closed the c-file which gives his c-pawns a
fighting chance!} (14. O-O $5) (14. Bg5 $5) 14... Qd7 15. Qxd7+ Kxd7 16. Ba3
Rhc8 17. O-O-O+ Ke8 $15 {[%csl Rc3,Rc4]} 18. Rd4 Rc7 19. Rhd1 Rac8 20. Kc2 Na5
21. c5 b5 22. Bb4 Nb7 23. a4 bxa4 24. c6 Rxc6 25. Rd7 R8c7 26. Rxc7 Rxc7 27.
Rd4 Rc6 28. Ba3 Ra6 29. Kd3 Nd8 30. f4 h5 31. Rb4 Kd7 32. Rb5 g6 33. c4 Rb6 34.
Bc5 Rxb5 35. cxb5 Nb7 36. Bxa7 Nd6 37. Bd4 Nxb5 38. Be5 Kc6 39. Kc4 a3 40. Kb4
a2 41. Kc4 Nd6+ 42. Kb3 Kd5 43. Kxa2 Nf5 44. Kb3 Ne3 45. Kc3 Ke4 46. Bd4 h4 47.
Ba7 h3 48. Bc5 f6 49. Bd4 g5 50. fxg5 fxg5 51. Ba7 Nf1 52. Bg1 Nxh2 53. Bxh2
Ke3 54. g4 Kxe2 55. Kd4 Kf3 0-1